[Event "20th EUR-ch"]
[Site "Skopje MKD"]
[Date "2019.03.25"]
[Round "7"]
[White "Bytyqi, Gzim"]
[Black "Krstevski, Vladimir"]
[Result "1-0"]
[WhiteElo "1994"]
[BlackElo "1451"]
[EventDate "2019.03.18"]
[Board "177"]
[PlyCount "39"]

1.e4 d5 2.exd5 Qxd5 3.Nc3 Qd8 4.Bc4 Nf6 5.d4 c6 6.Nf3 Bf5 7.Ne5 e6 8.g4 
Bg6 9.h4 Bb4 10.Rh3 Nbd7 11.Qe2 Nb6 12.h5 Bxc2 13.Nxf7 Qxd4 14.Bxe6 Qe4 
15.Nxh8 Ke7 16.Nf7 Qxe6 17.Re3 Be4 18.Ng5 Qd5 19.Nxe4 Kf7 20.Bd2 1-0

[Event "20th EUR-ch"]
[Site "Skopje MKD"]
[Date "2019.03.25"]
[Round "7"]
[White "Caglar, Sila"]
[Black "Tadic, Katarina"]
[Result "1-0"]
[WhiteElo "2094"]
[BlackElo "2031"]
[EventDate "2019.03.18"]
[Board "178"]
[PlyCount "131"]

1.e4 c5 2.Nc3 d6 3.d4 cxd4 4.Qxd4 Bd7 5.b3 Nc6 6.Qd2 g6 7.Bb2 Bg7 8.O-O-O 
Rc8 9.Kb1 Qa5 10.Nge2 b5 11.Nd5 Qxd2 12.Rxd2 Bxb2 13.Kxb2 Nh6 14.f3 f5 15.
Ng3 fxe4 16.Nxe4 Ne5 17.h4 Nhf7 18.Nf2 a6 19.Be2 h5 20.f4 Nc6 21.Bd3 Bf5 
22.Ne4 O-O 23.Ng5 Bxd3 24.Rxd3 Nxg5 25.hxg5 Kg7 26.g3 e5 27.Nf6 Nb4 28.Rd2
exf4 29.gxf4 Rfd8 30.c3 Nc6 31.Rhd1 b4 32.c4 Ne7 33.Rxd6 Rxd6 34.Rxd6 Rc6 
35.Rd7 Kf8 36.Kc2 Re6 37.Kd2 Nf5 38.Rd3 h4 39.Nd7+ Ke8 40.Ne5 Ng3 41.Rf3 
Ne4+ 42.Kd3 Nxg5 43.Re3 h3 44.fxg5 h2 45.Re1 h1=Q 46.Rxh1 Rxe5 47.Rg1 Rf5 
48.Rg2 Kd7 49.Kd4 Kd6 50.Ke4 Kc5 51.Ke3 Kc6 52.Rf2 Rxg5 53.Rf6+ Kb7 54.Kd4
a5 55.c5 Rg2 56.Kc4 g5 57.Kb5 Rxa2 58.Rf7+ Kc8 59.Kb6 Rc2 60.c6 Kd8 61.Ra7
g4 62.Rxa5 g3 63.Rg5 g2 64.Kb7 Ke7 65.c7 Kd7 66.Rg7+ 1-0

[Event "20th EUR-ch"]
[Site "Skopje MKD"]
[Date "2019.03.26"]
[Round "8"]
[White "Rodshtein, Maxim"]
[Black "Esipenko, Andrei"]
[Result "1/2-1/2"]
[WhiteElo "2673"]
[BlackElo "2603"]
[EventDate "2019.03.18"]
[Board "2"]
[PlyCount "41"]

1.Nf3 Nf6 2.g3 g6 3.c4 Bg7 4.Bg2 O-O 5.d4 c6 6.b3 d5 7.Bb2 Nbd7 8.O-O b5 
9.Nbd2 bxc4 10.bxc4 Ba6 11.Qa4 Qc8 12.Qa3 dxc4 13.Rac1 c3 14.Bxc3 Bxe2 15.
Rfe1 Bxf3 16.Bxf3 Nd5 17.Bb4 Qb7 18.Bxe7 Rfe8 19.Nb3 Bh6 20.Rb1 N7b6 21.
Na5 1/2-1/2

[Event "20th EUR-ch"]
[Site "Skopje MKD"]
[Date "2019.03.26"]
[Round "8"]
[White "Gledura, Benjamin"]
[Black "Alexeenko, Kirill"]
[Result "1/2-1/2"]
[WhiteElo "2630"]
[BlackElo "2644"]
[EventDate "2019.03.18"]
[Board "4"]
[PlyCount "27"]

1.e4 e5 2.Nf3 Nc6 3.Bc4 Bc5 4.d3 Nf6 5.O-O d6 6.c3 a6 7.a4 Ba7 8.Re1 O-O 
9.h3 h6 10.Nbd2 Re8 11.Nf1 Be6 12.Bxe6 Rxe6 13.Be3 Bxe3 14.Nxe3 1/2-1/2

[Event "20th EUR-ch"]
[Site "Skopje MKD"]
[Date "2019.03.26"]
[Round "8"]
[White "Pantsulaia, Levan"]
[Black "Anton Guijarro, David"]
[Result "1/2-1/2"]
[WhiteElo "2611"]
[BlackElo "2643"]
[EventDate "2019.03.18"]
[Board "5"]
[PlyCount "81"]

1.c4 e5 2.g3 c6 3.Nf3 f6 4.e4 c5 5.Bh3 Nc6 6.Nc3 g6 7.d3 Bg7 8.a3 Nge7 9.
b4 d6 10.Bxc8 Qxc8 11.bxc5 dxc5 12.Nd5 O-O 13.O-O f5 14.Bb2 Qd7 15.Kg2 
Rae8 16.a4 Nb4 17.Bc3 Nexd5 18.cxd5 Nxd5 19.exd5 e4 20.Bxg7 exf3+ 21.Qxf3 
Kxg7 22.Rfe1 b6 23.h4 Qd6 24.a5 b5 25.a6 b4 26.Rec1 Re5 27.Ra5 Rxd5 28.d4 
Rxd4 29.Raxc5 Rf7 30.h5 Rd3 31.Rc6 Qd5 32.Qxd5 Rxd5 33.Rc7 Rdd7 34.Rxd7 
Rxd7 35.Rc4 b3 36.Rb4 Rd6 37.Rb7+ Kh6 38.hxg6 hxg6 39.Rxa7 b2 40.Rb7 Rxa6 
41.Rxb2 1/2-1/2

[Event "20th EUR-ch"]
[Site "Skopje MKD"]
[Date "2019.03.26"]
[Round "8"]
[White "Zviagintsev, Vadim"]
[Black "Ter-Sahakian, Samvel"]
[Result "1/2-1/2"]
[WhiteElo "2642"]
[BlackElo "2590"]
[EventDate "2019.03.18"]
[Board "6"]
[PlyCount "116"]

1.e4 c5 2.Nf3 d6 3.d4 cxd4 4.Qxd4 Nf6 5.Be2 Nc6 6.Qe3 Bg4 7.O-O g6 8.Rd1 
Qc8 9.c4 Bg7 10.Nc3 Bxf3 11.Qxf3 Ne5 12.Qg3 Nxc4 13.Bg5 O-O 14.Bxf6 Bxf6 
15.Nd5 Ne5 16.Nxf6+ exf6 17.f4 Nc6 18.Rxd6 Qc7 19.Rad1 Qb6+ 20.Qf2 Qxb2 
21.Bf3 Qc3 22.R6d3 Qb4 23.h4 Rfd8 24.Rd5 Qb6 25.Qxb6 axb6 26.Rxd8+ Nxd8 
27.Rd7 Kf8 28.Be2 Ke8 29.Bb5 Ra5 30.Rd5+ Ke7 31.Rd7+ Ke8 32.Rd5+ Nc6 33.
Bxc6+ bxc6 34.Rd6 Rc5 35.Rxf6 Ke7 36.e5 b5 37.a3 Rc2 38.h5 c5 39.hxg6 hxg6
40.Rc6 c4 41.Kh2 Rb2 42.a4 bxa4 43.Rxc4 a3 44.Ra4 a2 45.Ra6 Kd7 46.Kh3 Kc7
47.g4 Kb7 48.Ra4 Kc6 49.Kh4 Kb5 50.Ra8 Kc4 51.f5 gxf5 52.gxf5 Rb4 53.Kg5 
Kb3 54.e6 fxe6 55.fxe6 Ra4 56.Rxa4 Kxa4 57.e7 a1=Q 58.e8=Q+ Kb3 1/2-1/2

[Event "20th EUR-ch"]
[Site "Skopje MKD"]
[Date "2019.03.26"]
[Round "8"]
[White "Korobov, Anton"]
[Black "Erdos, Viktor"]
[Result "1-0"]
[WhiteElo "2686"]
[BlackElo "2612"]
[EventDate "2019.03.18"]
[Board "7"]
[PlyCount "73"]

1.d4 Nf6 2.c4 g6 3.f3 e6 4.Nc3 c5 5.d5 d6 6.e4 exd5 7.cxd5 Bg7 8.Nge2 a6 
9.a4 Nbd7 10.Ng3 Nh5 11.Nxh5 gxh5 12.Be3 O-O 13.Qd2 f5 14.Be2 fxe4 15.Nxe4
Nf6 16.Ng5 Re8 17.O-O Qe7 18.Ra3 Bd7 19.Re1 b5 20.axb5 axb5 21.Rxa8 Rxa8 
22.Bd3 Qe5 23.Bxc5 Qxd5 24.Bxh7+ Kh8 25.Bd4 Ra4 26.b4 Ra2 27.Qe3 Ra3 28.
Qf4 Nxh7 29.Bxg7+ Kxg7 30.Re7+ Kg6 31.Nxh7 Ra1+ 32.Kf2 Ra2+ 33.Kg3 h4+ 34.
Qxh4 Qd2 35.Nf8+ Kf5 36.Rf7+ Ke5 37.Qe4# 1-0

[Event "20th EUR-ch"]
[Site "Skopje MKD"]
[Date "2019.03.26"]
[Round "8"]
[White "Cheparinov, Ivan"]
[Black "Lupulescu, Constantin"]
[Result "1/2-1/2"]
[WhiteElo "2683"]
[BlackElo "2611"]
[EventDate "2019.03.18"]
[Board "8"]
[PlyCount "67"]

1.e4 c6 2.d4 d5 3.Nc3 dxe4 4.Nxe4 Bf5 5.Ng3 Bg6 6.h4 h6 7.Nf3 e6 8.Ne5 Bh7
9.Bd3 Bxd3 10.Qxd3 Nd7 11.Qe2 Ngf6 12.Bd2 Qc7 13.O-O-O Bd6 14.Rhe1 O-O 15.
Nh5 Nxh5 16.Qxh5 Rad8 17.Ng4 Rfe8 18.Bxh6 Bf4+ 19.Bxf4 Qxf4+ 20.Kb1 Nf6 
21.Nxf6+ Qxf6 22.Qg4 Qxf2 23.Rf1 Qe3 24.Rd3 Qh6 25.Qf3 Rd7 26.Qf2 Red8 27.
a3 Qf6 28.Qe1 Qh6 29.Qf2 Qf6 30.Qxf6 gxf6 31.Rg3+ Kf8 32.Rxf6 Rxd4 33.Rgf3
R8d7 34.Rxe6 1/2-1/2

[Event "20th EUR-ch"]
[Site "Skopje MKD"]
[Date "2019.03.26"]
[Round "8"]
[White "Predke, Alexander"]
[Black "Berkes, Ferenc"]
[Result "1/2-1/2"]
[WhiteElo "2611"]
[BlackElo "2666"]
[EventDate "2019.03.18"]
[Board "9"]
[PlyCount "28"]

1.e4 Nf6 2.e5 Nd5 3.Nc3 Nxc3 4.dxc3 d5 5.Be3 Bf5 6.Bd3 Bxd3 7.cxd3 e6 8.
Qg4 Nc6 9.Nf3 Ne7 10.h4 h5 11.Qb4 b6 12.Bg5 Nf5 13.Qa4+ Qd7 14.Qf4 Be7 
1/2-1/2

[Event "20th EUR-ch"]
[Site "Skopje MKD"]
[Date "2019.03.26"]
[Round "8"]
[White "Gelfand, Boris"]
[Black "Deac, Bogdan-Daniel"]
[Result "1/2-1/2"]
[WhiteElo "2655"]
[BlackElo "2609"]
[EventDate "2019.03.18"]
[Board "10"]
[PlyCount "91"]

1.c4 Nf6 2.Nc3 e5 3.Nf3 Nc6 4.e4 Bb4 5.d3 d6 6.a3 Bc5 7.b4 Bb6 8.Na4 Bd4 
9.Rb1 Bg4 10.Be2 Bxf3 11.Bxf3 Nd7 12.Bd2 Nf8 13.Nc3 Ne6 14.O-O a5 15.Bg4 
axb4 16.axb4 O-O 17.Kh1 Ne7 18.Ne2 Bb6 19.Qc1 Ba7 20.f4 Nxf4 21.Nxf4 exf4 
22.Bxf4 Bd4 23.Be3 Bxe3 24.Qxe3 Ra3 25.Ra1 Qa8 26.Qc1 Rxa1 27.Qxa1 Qa6 28.
b5 Qb6 29.e5 dxe5 30.Qxe5 Ng6 31.Qd5 c6 32.bxc6 bxc6 33.Qe4 c5 34.Qe3 Rd8 
35.Bf3 Nf8 36.Bd5 Ne6 37.Qf2 Qc7 38.Qf5 Re8 39.h3 g6 40.Qf6 Qe7 41.Qf2 Qc7
42.Re1 Ng7 43.Rb1 Nf5 44.Rb7 Qe5 45.Bxf7+ Kh8 46.Bxe8 1/2-1/2

[Event "20th EUR-ch"]
[Site "Skopje MKD"]
[Date "2019.03.26"]
[Round "8"]
[White "Bindrich, Falko"]
[Black "Alexeev, Evgeny"]
[Result "1-0"]
[WhiteElo "2610"]
[BlackElo "2640"]
[EventDate "2019.03.18"]
[Board "11"]
[PlyCount "77"]

1.e4 e5 2.Nf3 Nc6 3.Bc4 Bc5 4.O-O Nf6 5.d3 d6 6.c3 a6 7.a4 Ba7 8.Re1 h6 9.
Nbd2 O-O 10.h3 Ne7 11.Bb3 Ng6 12.d4 Re8 13.Bc2 Bd7 14.Nf1 b5 15.Ng3 c5 16.
Be3 Qc7 17.Qd2 Kh7 18.Nf5 Bxf5 19.exf5 Nf8 20.dxe5 dxe5 21.Nh2 N8d7 22.Ng4
e4 23.axb5 axb5 24.Bf4 Qb7 25.Rad1 Re7 26.Bd6 Ree8 27.Qf4 c4 28.Rd2 Bb8 
29.Red1 Bxd6 30.Rxd6 Ra6 31.R6d4 Nc5 32.Qe3 Qe7 33.Nxf6+ Rxf6 34.Rd5 Nd3 
35.Rxb5 Qd7 36.Ra5 Rxf5 37.Ba4 Qe6 38.Rxf5 Ra8 39.Bd7 1-0

[Event "20th EUR-ch"]
[Site "Skopje MKD"]
[Date "2019.03.26"]
[Round "8"]
[White "Huschenbeth, Niclas"]
[Black "Lysyi, Igor"]
[Result "0-1"]
[WhiteElo "2594"]
[BlackElo "2635"]
[EventDate "2019.03.18"]
[Board "12"]
[PlyCount "64"]

1.Nf3 Nf6 2.d4 d5 3.c4 e6 4.Nc3 dxc4 5.e4 Bb4 6.Bxc4 Nxe4 7.O-O Nxc3 8.
bxc3 Be7 9.Qc2 O-O 10.Re1 Nd7 11.Bd3 h6 12.Qe2 Bd6 13.Bc2 Re8 14.Ne5 Nf8 
15.Bf4 f6 16.Rad1 Qe7 17.Rd3 Bxe5 18.dxe5 f5 19.Rg3 Kh8 20.Qh5 Nh7 21.Rd3 
Bd7 22.Bb3 Bb5 23.Rh3 Rf8 24.Qg6 Rae8 25.Bd1 Bc6 26.Bh5 Rd8 27.Qg3 g5 28.
Bc1 g4 29.Qh4 Ng5 30.Bxg4 Nxh3+ 31.Qxh3 fxg4 32.Qxh6+ Qh7 0-1

[Event "20th EUR-ch"]
[Site "Skopje MKD"]
[Date "2019.03.26"]
[Round "8"]
[White "Azarov, Sergei"]
[Black "Movsesian, Sergei"]
[Result "1/2-1/2"]
[WhiteElo "2585"]
[BlackElo "2627"]
[EventDate "2019.03.18"]
[Board "14"]
[PlyCount "87"]

1.e4 c5 2.Nf3 e6 3.d4 cxd4 4.Nxd4 Nc6 5.Nc3 a6 6.Nxc6 bxc6 7.Bd3 d5 8.O-O 
Nf6 9.Qf3 Be7 10.Qg3 O-O 11.Bh6 Ne8 12.Bf4 Nf6 13.Bc7 Qe8 14.Rfe1 Bb7 15.
Rad1 g6 16.Qf3 Qc8 17.Bf4 Nh5 18.Bh6 Re8 19.Na4 Qc7 20.c4 Rad8 21.c5 e5 
22.b4 a5 23.a3 axb4 24.axb4 Nf6 25.Nc3 d4 26.Na4 Bc8 27.h3 Be6 28.Nb6 Nd7 
29.Nc4 Ra8 30.Ra1 Reb8 31.Bd2 Kg7 32.Qe2 h6 33.Reb1 Bg5 34.Nd6 Qd8 35.Be1 
Rxa1 36.Rxa1 Ra8 37.Qd1 Be7 38.Nc4 Qb8 39.Ra5 Bd8 40.Ra4 Be7 41.Bf1 h5 42.
Qa1 Rxa4 43.Qxa4 Qc7 44.Na5 1/2-1/2

[Event "20th EUR-ch"]
[Site "Skopje MKD"]
[Date "2019.03.26"]
[Round "8"]
[White "Huzman, Alexander"]
[Black "Paravian, David"]
[Result "1/2-1/2"]
[WhiteElo "2582"]
[BlackElo "2627"]
[EventDate "2019.03.18"]
[Board "15"]
[PlyCount "70"]

1.Nf3 d5 2.g3 g6 3.Bg2 Bg7 4.d4 Nf6 5.O-O O-O 6.Nbd2 c5 7.dxc5 Qc7 8.Nb3 
e5 9.Bg5 Be6 10.Qc1 a5 11.a4 Ne4 12.Bh6 f6 13.Bxg7 Kxg7 14.Nfd2 Nxc5 15.
Nxc5 Qxc5 16.c3 Nc6 17.e3 Rab8 18.Qc2 Ne7 19.Qd3 Rfd8 20.Rfe1 Kf7 21.Qe2 
Rdc8 22.Bf1 h5 23.h3 Bd7 24.e4 d4 25.Qc4+ Be6 26.Qxc5 Rxc5 27.cxd4 exd4 
28.Nf3 Nc6 29.Rac1 Rxc1 30.Rxc1 Rd8 31.Nd2 Ke7 32.f4 Nb4 33.h4 d3 34.Rc7+ 
Rd7 35.Rc3 Rd6 1/2-1/2

[Event "20th EUR-ch"]
[Site "Skopje MKD"]
[Date "2019.03.26"]
[Round "8"]
[White "Sarana, Alexei"]
[Black "Alexandrov, Alexei"]
[Result "0-1"]
[WhiteElo "2625"]
[BlackElo "2574"]
[EventDate "2019.03.18"]
[Board "17"]
[PlyCount "82"]

1.d4 Nf6 2.c4 e6 3.Nf3 d5 4.Nc3 dxc4 5.e4 Bb4 6.Bg5 c5 7.Bxc4 cxd4 8.Nxd4 
Bxc3+ 9.bxc3 Qa5 10.Bb5+ Nbd7 11.Bxf6 Qxc3+ 12.Kf1 gxf6 13.h4 Qb4 14.Rb1 
Qd6 15.Rh3 a6 16.Be2 Nc5 17.Rc3 Nxe4 18.Rd3 O-O 19.Qc1 Qh2 20.Rh3 Qe5 21.
Nf3 Qc5 22.Qe1 Qc3 23.Rb4 f5 24.Qb1 Bd7 25.Rxb7 Bc6 26.Rb3 Qc5 27.Qe1 Bd5 
28.Re3 Rab8 29.Nd2 Nxd2+ 30.Qxd2 Rb1+ 31.Bd1 Qc1 32.Qxc1 Rxc1 33.Re1 f4 
34.Ra3 Rd8 35.Bb3 Bxg2+ 36.Kxg2 Rxe1 37.Rxa6 Rd3 38.Ra4 f3+ 39.Kg3 Rg1+ 
40.Kf4 Rg2 41.Ke4 Rd2 0-1

[Event "20th EUR-ch"]
[Site "Skopje MKD"]
[Date "2019.03.26"]
[Round "8"]
[White "Sychev, Klementy"]
[Black "Postny, Evgeny"]
[Result "1/2-1/2"]
[WhiteElo "2545"]
[BlackElo "2619"]
[EventDate "2019.03.18"]
[Board "18"]
[PlyCount "43"]

1.e4 e5 2.Nf3 Nc6 3.d4 exd4 4.Nxd4 Bc5 5.Nb3 Bb6 6.Nc3 Nf6 7.Bg5 O-O 8.Qe2
h6 9.Bh4 a5 10.O-O-O a4 11.Nd2 Re8 12.Bxf6 Qxf6 13.Nd5 Qg6 14.a3 Ne7 15.
Nxb6 Qxb6 16.Kb1 Ng6 17.f3 d5 18.Qb5 Qxb5 19.Bxb5 c6 20.Bf1 Be6 21.exd5 
Bxd5 22.Nc4 1/2-1/2

[Event "20th EUR-ch"]
[Site "Skopje MKD"]
[Date "2019.03.26"]
[Round "8"]
[White "Bosiocic, Marin"]
[Black "Van Foreest, Lucas"]
[Result "1-0"]
[WhiteElo "2614"]
[BlackElo "2515"]
[EventDate "2019.03.18"]
[Board "19"]
[PlyCount "175"]

1.d4 Nf6 2.c4 e6 3.Nf3 d5 4.g3 Be7 5.Bg2 O-O 6.O-O dxc4 7.Qc2 a6 8.a4 Bd7 
9.Bg5 Bc6 10.Rd1 Nbd7 11.Nbd2 h6 12.Bxf6 Nxf6 13.a5 Qe8 14.Nxc4 Be4 15.Qc1
Qb5 16.Ncd2 Bh7 17.Ne5 c5 18.Qc4 Qxb2 19.Ra2 Qxd4 20.Qxd4 cxd4 21.Bxb7 Ra7
22.Bf3 Rc8 23.Ndc4 d3 24.exd3 Rac7 25.Nb6 Rf8 26.Nc6 Bd6 27.Rc2 Re8 28.Rc4
g5 29.Kf1 Kg7 30.Ke2 e5 31.Be4 Bg8 32.Bf5 Nh7 33.Rb1 f6 34.Rcc1 Nf8 35.Be4
Ne6 36.Kf1 Nc5 37.Nb4 Nb3 38.Rxc7+ Bxc7 39.Kg2 Nxa5 40.N6d5 Bxd5 41.Nxd5 
Bd8 42.Ne3 Kf8 43.Bg6 Re7 44.Be4 Re8 45.Kf3 h5 46.Bg6 Re7 47.Bxh5 Rb7 48.
Rc1 Rc7 49.Ra1 Rc6 50.Ra3 Nb7 51.Bg6 Nd6 52.Be4 Rb6 53.Ra2 Nb5 54.Kg4 Rd6 
55.Nc4 Nc3 56.Ra3 Nxe4 57.dxe4 Rd4 58.Ne3 a5 59.Kf5 Kf7 60.Rb3 Rb4 61.Rc3 
Rb8 62.Nd5 Ra8 63.Ra3 Rb8 64.f3 Ra8 65.Ra4 Rc8 66.h4 gxh4 67.gxh4 Rc2 68.
Ra3 Rb2 69.Rc3 Rb8 70.h5 a4 71.Ra3 Rb3 72.Rxa4 Rxf3+ 73.Kg4 Rf1 74.Ra8 
Rg1+ 75.Kf3 Rh1 76.Rxd8 Rxh5 77.Ne3 Rh3+ 78.Ke2 Rh4 79.Kd3 Rh3 80.Ra8 Rg3 
81.Ke2 Rh3 82.Nf5 Rb3 83.Rd8 Ra3 84.Rd3 Ra4 85.Kf3 Rb4 86.Rd7+ Kf8 87.Nd6 
Kg8 88.Kg4 1-0

[Event "20th EUR-ch"]
[Site "Skopje MKD"]
[Date "2019.03.26"]
[Round "8"]
[White "Christiansen, Johan-Sebastian"]
[Black "Chigaev, Maxim"]
[Result "1-0"]
[WhiteElo "2539"]
[BlackElo "2613"]
[EventDate "2019.03.18"]
[Board "20"]
[PlyCount "99"]

1.Nf3 Nf6 2.c4 g6 3.g3 Bg7 4.Bg2 O-O 5.d4 d6 6.Nc3 c5 7.O-O Nc6 8.dxc5 
dxc5 9.Be3 Be6 10.Qa4 Nd4 11.Rad1 Bd7 12.Qa3 Nc2 13.Qxc5 b6 14.Qg5 h6 15.
Qf4 g5 16.Qe5 Ng4 17.Qd5 Ncxe3 18.fxe3 Nf6 19.Qd3 Bc6 20.Nd5 Bxd5 21.cxd5 
Rc8 22.Nd4 Qc7 23.Nf5 Ne8 24.Bh3 Rd8 25.Qe4 Nd6 26.Qxe7 Qxe7 27.Nxe7+ Kh8 
28.b3 Rfe8 29.Nc6 Ra8 30.Rd3 a5 31.a4 Bb2 32.Bd7 Rf8 33.Bf5 Kg7 34.Kg2 
Rae8 35.g4 Rh8 36.Bd7 Re4 37.Bf5 Ree8 38.e4 h5 39.e5 Rxe5 40.Nxe5 Bxe5 41.
gxh5 Bf4 42.e3 Be5 43.e4 Kh6 44.Rc1 g4 45.Bxg4 Rg8 46.h3 Nxe4 47.Rc6+ Kg5 
48.d6 f5 49.d7 Rd8 50.Rg6+ 1-0

[Event "20th EUR-ch"]
[Site "Skopje MKD"]
[Date "2019.03.26"]
[Round "8"]
[White "Oparin, Grigory"]
[Black "Buhmann, Rainer"]
[Result "1-0"]
[WhiteElo "2613"]
[BlackElo "2568"]
[EventDate "2019.03.18"]
[Board "21"]
[PlyCount "101"]

1.Nf3 Nf6 2.c4 e6 3.g3 d5 4.Bg2 Be7 5.d4 O-O 6.Nc3 dxc4 7.Ne5 Nc6 8.Bxc6 
bxc6 9.Nxc6 Qe8 10.Nxe7+ Qxe7 11.Qa4 Nd5 12.Qxc4 a5 13.Bd2 Ba6 14.Qc5 Qd7 
15.Rc1 Rfb8 16.b3 Nxc3 17.Rxc3 Rb5 18.Qxc7 Qxd4 19.Be3 Qe4 20.O-O Rbb8 21.
Rfc1 h6 22.f3 Qg6 23.Kf2 a4 24.Qf4 axb3 25.axb3 Qh5 26.h4 Qd5 27.b4 Qb5 
28.R1c2 Rc8 29.Rc5 Rxc5 30.bxc5 Bb7 31.Qe5 Bd5 32.c6 Rc8 33.c7 Qd7 34.Qc3 
f6 35.Bb6 Qb5 36.Rb2 Qa4 37.e4 Bc6 38.Rd2 Kh7 39.Rd8 Bb7 40.Kg2 Ba6 41.g4 
Qb5 42.Bf2 h5 43.gxh5 Qxh5 44.Qa3 Qb5 45.Qe7 Qf1+ 46.Kg3 Qc1 47.Rd7 Qh6 
48.Qxe6 Qg6+ 49.Kh2 Bb5 50.Rd8 Rxc7 51.Qg8+ 1-0

[Event "20th EUR-ch"]
[Site "Skopje MKD"]
[Date "2019.03.26"]
[Round "8"]
[White "Wagner, Dennis"]
[Black "Ragger, Markus"]
[Result "0-1"]
[WhiteElo "2580"]
[BlackElo "2696"]
[EventDate "2019.03.18"]
[Board "25"]
[PlyCount "162"]

1.Nf3 Nf6 2.c4 c5 3.Nc3 d5 4.cxd5 Nxd5 5.d4 Nxc3 6.bxc3 g6 7.e3 Bg7 8.Bb5+
Bd7 9.Be2 Qa5 10.Bd2 O-O 11.O-O Nc6 12.d5 Ne5 13.c4 Qa6 14.Nxe5 Bxe5 15.
Rb1 Bf5 16.Rb5 b6 17.f4 Bg7 18.Be1 Qxa2 19.Bd3 Bd7 20.Rb1 Rab8 21.e4 b5 
22.cxb5 c4 23.Bc2 Rxb5 24.Rxb5 Bxb5 25.Bb4 Re8 26.e5 Qa6 27.Qd4 Qb7 28.Be4
Qc7 29.Ra1 a6 30.h4 Qd7 31.h5 Qg4 32.hxg6 hxg6 33.Rf1 Bh6 34.Bc3 Bg7 35.
Rf3 Rd8 36.Qb6 Rc8 37.Qf2 Ba4 38.Rg3 Qd1+ 39.Kh2 Bd7 40.f5 Qh5+ 41.Rh3 Qg5
42.e6 Bxc3 43.Rxc3 Be8 44.exf7+ Bxf7 45.fxg6 Bxd5 46.Bxd5+ Qxd5 47.Qh4 
Qe5+ 48.Rg3 Qh8 49.Qxh8+ Kxh8 50.Rc3 Kg7 51.Kg3 Kxg6 52.Kf4 Kf6 53.Ke4 Ke6
54.Kd4 Kd6 55.Ra3 Rc6 56.Kc3 Kd5 57.Ra1 e5 58.Rd1+ Ke4 59.Re1+ Kf4 60.Rf1+
Kg3 61.Re1 Rc5 62.Kb4 Rb5+ 63.Kxc4 Kxg2 64.Ra1 Kf3 65.Rxa6 Rb2 66.Rh6 Rd2 
67.Rh3+ Kg4 68.Kc3 Rd8 69.Rh1 e4 70.Rh7 e3 71.Re7 Kf3 72.Rf7+ Kg2 73.Re7 
Kf2 74.Rf7+ Ke1 75.Kc2 e2 76.Rf6 Rc8+ 77.Kb2 Rc5 78.Rf8 Kd2 79.Rd8+ Ke3 
80.Re8+ Kd3 81.Re7 Rc4 0-1

[Event "20th EUR-ch"]
[Site "Skopje MKD"]
[Date "2019.03.26"]
[Round "8"]
[White "Maze, Sebastien"]
[Black "Eljanov, Pavel"]
[Result "1/2-1/2"]
[WhiteElo "2578"]
[BlackElo "2682"]
[EventDate "2019.03.18"]
[Board "26"]
[PlyCount "122"]

1.e4 c6 2.Nc3 d5 3.Nf3 dxe4 4.Nxe4 Nf6 5.Qe2 Nxe4 6.Qxe4 Be6 7.b3 Nd7 8.
Bb2 Nf6 9.Qe2 Bg4 10.h3 Bxf3 11.Qxf3 g6 12.d4 Bg7 13.Be2 Qa5+ 14.c3 O-O 
15.O-O Rfd8 16.Rfe1 e6 17.Bf1 Nd5 18.a3 Qb6 19.Bc4 Qc7 20.a4 a5 21.Rad1 
Rab8 22.Bc1 Qd7 23.Bg5 Re8 24.Bf1 h6 25.Bh4 Ne7 26.Bxe7 Qxe7 27.Qe4 Qa3 
28.Qc2 Rbd8 29.Bd3 Re7 30.h4 h5 31.g3 Qd6 32.Re3 Qd7 33.Qe2 Qc7 34.Kg2 Rd6
35.Be4 Red7 36.Bf3 Qb6 37.Qc4 Bf6 38.Ree1 Kg7 39.Rb1 Qa7 40.Re2 Rc7 41.Re3
Rdd7 42.Ra1 Be7 43.Ra2 Rd8 44.Qe2 Bf6 45.Rd2 Qb8 46.Ra2 Rdd7 47.Rd3 Qd8 
48.Be4 Rd6 49.Rf3 Kg8 50.Qc4 Bg7 51.Qc5 Rcd7 52.Qc4 Kh8 53.Qc5 f5 54.Bb1 
Rd5 55.Qc4 c5 56.Re2 cxd4 57.Rxe6 R7d6 58.Rxd6 Qxd6 59.Qc8+ Qd8 60.Qxd8+ 
Rxd8 61.cxd4 Rxd4 1/2-1/2

[Event "20th EUR-ch"]
[Site "Skopje MKD"]
[Date "2019.03.26"]
[Round "8"]
[White "Djukic, Nikola"]
[Black "Nisipeanu, Liviu-Dieter"]
[Result "0-1"]
[WhiteElo "2572"]
[BlackElo "2670"]
[EventDate "2019.03.18"]
[Board "27"]
[PlyCount "78"]

1.e4 e6 2.d4 d5 3.Nc3 Nf6 4.Bg5 Be7 5.e5 Nfd7 6.Bxe7 Qxe7 7.f4 a6 8.Nf3 c5
9.dxc5 Nxc5 10.Bd3 b5 11.a3 Bb7 12.O-O Nbd7 13.Qe1 Nxd3 14.cxd3 O-O 15.Ne2
d4 16.Nexd4 Nc5 17.Qe3 Qd7 18.Rac1 Rac8 19.b4 Na4 20.Nb3 Bd5 21.d4 Bxb3 
22.Qxb3 g6 23.Qe3 Rxc1 24.Rxc1 Rc8 25.Kf2 Rc4 26.g4 Nb6 27.Rxc4 bxc4 28.
Ng5 Nd5 29.Qh3 h5 30.Ne4 Qa4 31.Qf3 hxg4 32.Qxg4 Qxa3 33.Nf6+ Nxf6 34.exf6
Qb2+ 35.Kg3 Qxd4 36.Qe2 Qc3+ 37.Kg4 Qxb4 38.Qd1 Qa5 39.Kg3 Qc3+ 0-1

[Event "20th EUR-ch"]
[Site "Skopje MKD"]
[Date "2019.03.26"]
[Round "8"]
[White "Ponomariov, Ruslan"]
[Black "Meskovs, Nikita"]
[Result "1-0"]
[WhiteElo "2667"]
[BlackElo "2568"]
[EventDate "2019.03.18"]
[Board "28"]
[PlyCount "91"]

1.e4 e5 2.Nf3 Nc6 3.Bb5 a6 4.Ba4 Nf6 5.O-O Nxe4 6.d4 b5 7.Bb3 d5 8.dxe5 
Be6 9.Nbd2 Nc5 10.c3 Be7 11.Bc2 d4 12.Nb3 d3 13.Bb1 Nxb3 14.axb3 Bf5 15.
Re1 O-O 16.h3 Qd7 17.b4 Rfd8 18.g4 Bg6 19.Ba2 Qc8 20.Bg5 a5 21.bxa5 Bxg5 
22.Nxg5 d2 23.Re2 Rxa5 24.b4 Ra4 25.e6 Qa8 26.exf7+ Kh8 27.Rxd2 Rf8 28.Qe2
h6 29.Qe6 Bxf7 30.Nxf7+ Rxf7 31.Qxf7 Ne5 32.Qe6 Nf3+ 33.Kg2 Nxd2+ 34.Bd5 
Qf8 35.Rd1 Nc4 36.Bxc4 bxc4 37.Qxc4 c5 38.Qxc5 Qxc5 39.bxc5 Rc4 40.Rd5 Kg8
41.f3 Kf7 42.h4 Rxc3 43.h5 Ke7 44.Kg3 Rc4 45.Kf2 Rc3 46.Ke2 1-0

[Event "20th EUR-ch"]
[Site "Skopje MKD"]
[Date "2019.03.26"]
[Round "8"]
[White "Petrosian, Manuel"]
[Black "Dreev, Alexei"]
[Result "1/2-1/2"]
[WhiteElo "2564"]
[BlackElo "2662"]
[EventDate "2019.03.18"]
[Board "29"]
[PlyCount "31"]

1.d4 d5 2.c4 c6 3.cxd5 cxd5 4.Bg5 Nc6 5.Nc3 f6 6.Bd2 e5 7.e4 Nxd4 8.Nge2 
Nxe2 9.Bxe2 Ne7 10.Qb3 Nc6 11.Nxd5 Nd4 12.Qc4 Bd6 13.Be3 Qa5+ 14.Bd2 Qd8 
15.Be3 Qa5+ 16.Bd2 1/2-1/2

[Event "20th EUR-ch"]
[Site "Skopje MKD"]
[Date "2019.03.26"]
[Round "8"]
[White "Rozum, Ivan"]
[Black "Safarli, Eltaj"]
[Result "1/2-1/2"]
[WhiteElo "2573"]
[BlackElo "2662"]
[EventDate "2019.03.18"]
[Board "30"]
[PlyCount "65"]

1.c4 e5 2.Nc3 Nc6 3.Nf3 f5 4.d4 e4 5.d5 exf3 6.dxc6 fxg2 7.cxd7+ Qxd7 8.
Qxd7+ Bxd7 9.Bxg2 c6 10.b3 Nf6 11.Bb2 O-O-O 12.O-O Bd6 13.Rad1 Be5 14.Rd2 
f4 15.Rfd1 Rhe8 16.h4 Bf5 17.Rxd8+ Rxd8 18.Nd5 Bxb2 19.Ne7+ Kc7 20.Rxd8 
Kxd8 21.Nxf5 g6 22.Nd6 Kc7 23.Nf7 a5 24.Kf1 Kd7 25.Bh3+ Ke7 26.Ng5 h6 27.
Ne6 Be5 28.Nc5 b6 29.Nd3 Kd6 30.Bg2 c5 31.Ke1 g5 32.hxg5 hxg5 33.f3 
1/2-1/2

[Event "20th EUR-ch"]
[Site "Skopje MKD"]
[Date "2019.03.26"]
[Round "8"]
[White "Melkumian, Hrant"]
[Black "Martinovic, Sasa"]
[Result "1/2-1/2"]
[WhiteElo "2661"]
[BlackElo "2558"]
[EventDate "2019.03.18"]
[Board "31"]
[PlyCount "76"]

1.e4 e6 2.d4 d5 3.Nc3 Nf6 4.e5 Nfd7 5.f4 c5 6.Nf3 Nc6 7.Be3 cxd4 8.Nxd4 
Qb6 9.Qd2 Qxb2 10.Rb1 Qa3 11.Bb5 Nxd4 12.Bxd4 a6 13.Bxd7+ Bxd7 14.Rb3 Qe7 
15.Rxb7 Qd8 16.Bb6 Qc8 17.Rc7 Qd8 18.Qd4 Ba3 19.O-O Rc8 20.Rxc8 Qxc8 21.f5
Qc4 22.Qxc4 dxc4 23.f6 gxf6 24.exf6 Rg8 25.Be3 Bc6 26.g3 Rg6 27.Rf4 e5 28.
Rxc4 Rxf6 29.Ne4 Rg6 30.Bc5 Bxc5+ 31.Nxc5 Bd5 32.Ra4 Rc6 33.Nxa6 Rxc2 34.
Ra5 Rg2+ 35.Kf1 Rxa2 36.Nc7+ Kd7 37.Rxd5+ Kxc7 38.Rxe5 Rxh2 1/2-1/2

[Event "20th EUR-ch"]
[Site "Skopje MKD"]
[Date "2019.03.26"]
[Round "8"]
[White "Kovalenko, Igor"]
[Black "Kadric, Denis"]
[Result "1-0"]
[WhiteElo "2658"]
[BlackElo "2547"]
[EventDate "2019.03.18"]
[Board "33"]
[PlyCount "101"]

1.Nf3 d6 2.d4 g6 3.e4 Bg7 4.c3 Nf6 5.Bd3 O-O 6.O-O Nbd7 7.Re1 e5 8.a4 Re8 
9.Bg5 h6 10.Bh4 a5 11.Nbd2 b6 12.Bb5 Ba6 13.Bc6 Rb8 14.Qc2 Qe7 15.Rad1 Bb7
16.Bxb7 Rxb7 17.h3 Ra8 18.Nc4 Qe6 19.Qb3 b5 20.axb5 a4 21.Qa2 Rxb5 22.b4 
Nh5 23.d5 Qe8 24.Qc2 Nb6 25.Na3 Nc8 26.Nxb5 Qxb5 27.Qd3 Qb6 28.Ra1 g5 29.
Nxg5 Nf4 30.Qg3 hxg5 31.Bxg5 Qb5 32.Qg4 Nb6 33.g3 Ng6 34.h4 Qd7 35.Qxd7 
Nxd7 36.c4 Bf8 37.Ra2 Nb6 38.Rc1 a3 39.Rc3 Ra4 40.Be3 Rxb4 41.Bxb6 Rxb6 
42.Raxa3 Rb1+ 43.Kg2 Bh6 44.Ra7 Re1 45.Kf3 f5 46.exf5 e4+ 47.Kg4 Ne5+ 48.
Kh5 e3 49.fxe3 Bxe3 50.Rxc7 Rf1 51.g4 1-0

[Event "20th EUR-ch"]
[Site "Skopje MKD"]
[Date "2019.03.26"]
[Round "8"]
[White "Zajic, Milan"]
[Black "Fressinet, Laurent"]
[Result "1/2-1/2"]
[WhiteElo "2485"]
[BlackElo "2652"]
[EventDate "2019.03.18"]
[Board "34"]
[PlyCount "54"]

1.e4 e5 2.Nf3 Nc6 3.Bb5 a6 4.Ba4 Nf6 5.O-O Bc5 6.d3 d6 7.c3 O-O 8.Nbd2 Ba7
9.h3 Ne7 10.Re1 Ng6 11.Nf1 c6 12.Ng3 d5 13.exd5 Nxd5 14.d4 exd4 15.Nxd4 
Be6 16.Ne4 Qc7 17.Ng5 Bd7 18.Bb3 Rae8 19.Bxd5 cxd5 20.Rxe8 Rxe8 21.Ngf3 
Bb8 22.Be3 h6 23.Qb3 Nh4 24.Re1 Nxf3+ 25.Nxf3 Bb5 26.Qxd5 Bc4 27.Qd4 b5 
1/2-1/2